Normal view
MARC view
- Aerodynamics
Entry Topical Term
001 - CONTROL NUMBER
- control field: 10197
003 - CONTROL NUMBER IDENTIFIER
- control field: NUST
005 - DATE AND TIME OF LATEST TRANSACTION
- control field: 20180409053023.0
008 - FIXED-LENGTH DATA ELEMENTS
- fixed length control field: 180409|| aca||aabn | a|a d
040 ## - CATALOGING SOURCE
- Original cataloging agency: NUST
- Transcribing agency: NUST
150 ## - HEADING--TOPICAL TERM
- Topical term or geographic name entry element: Aerodynamics
- General subdivision: History.
670 ## - SOURCE DATA FOUND
- Source citation: Work cat.: (NUST)0: Ackroyd, J. A. D. 10196, Early developments of modern aerodynamics /, 2001.
